| 000 | 00502nam a2200181Ia 4500 | ||
|---|---|---|---|
| 008 | 180921t2015 xxu||||| |||| 00| 0 sin d | ||
| 041 | _asin | ||
| 080 |
_a8C3 _b(Youth) CRO |
||
| 100 | _aCrompton, Richnal | ||
| 245 | _aවිලියම් සහ පොලිස් තොප්පිය | ||
| 246 | _aSweet William | ||
| 260 |
_bSamayawardana _aColombo _c2015 |
||
| 300 | _a172p, 21cm | ||
| 700 |
_aSudath Rohan _etr. |
||
| 942 | _cBK | ||
| 999 |
_c12197 _d12197 |
||
| 003 | LK-CoDNM | ||
| 040 |
_aLK-CoDNM _dLK-CoDNM _eLK-CoDNM |
||